000 00804nam a2200193 i 4500
001 164749
003 ES-MaACL
005 20230906213009.0
008 000713s1875 sp |||| | spa d
040 _aCCPB | B
_bspa
_cCCPB | B
100 1 _aSantisteban, Mariano.
_9103433
245 1 0 _aBreve historia de los gabinetes de física y química del Instituto de San Isidro de Madrid /
_cescrita por Mariano Santisteban.
260 _aMadrid :
_b[s.n.],
_c1875 (
_fimp. de la viuda de Aguado e Hijo)
300 _a150 p. ;
_c19 cm.
610 2 4 _aInstituto de San Isidro (Madrid)
_9134549
650 _aFísica-
_xEstudio y enseñanza.
_9175912
650 _aQuímica-
_xEstudio y enseñanza.
_9175913
852 _aES-MaACL
_jT-196-F-4
_z-- Enc. hol., falto de la cub. original
_z-- Enc. en un vol. facticio
999 _c164749
_d164749